|
|
|
|
| LEADER |
01002nam a22002177a 4500 |
| 001 |
AAL6060 |
| 003 |
BD-DhAAL |
| 005 |
20160220100543.0 |
| 008 |
160220s 1996bg a|||| |||| 00| 0 ben d |
| 040 |
|
|
|a BD-DhAAL
|c BD-DhAAL
|
| 082 |
|
|
|2 22
|a 954.9/205
|
| 100 |
|
|
|a আহমদ, আফতাব
|9 18081
|
| 245 |
|
|
|a বাংলার মুক্তিসংগ্রাম সিরাজউদ্দৌলা থেকে শেখ মুজিব /
|c আফতাব আহমদ
|
| 260 |
|
|
|a ঢাকা :
|b বর্ণা-সাগর প্রকাশনী,
|c ১৯৯৬
|
| 300 |
|
|
|a ১৯৩ পৃ. :
|b চিত্র ;
|c ২২ সে.মি.
|
| 541 |
|
|
|e 6060
|
| 651 |
|
|
|a Bangladesh
|x History
|y Revolution, 1971.
|9 18082
|
| 852 |
|
|
|a Savar Campus Library
|c General Shelf
|
| 942 |
|
|
|2 ddc
|c BK
|
| 999 |
|
|
|c 36896
|d 36896
|
| 952 |
|
|
|0 0
|1 0
|2 ddc
|4 0
|6 954_900000000000000_205_AHM
|7 0
|9 58084
|a SCL
|b SCL
|c GEN
|d 2016-02-20
|g 250.00
|l 3
|m 15
|o 954.9205 AHM
|p 3020006060
|r 2025-10-28
|s 2025-07-01
|t 1
|w 2016-02-20
|y BK
|